Schauspielfuhrer der Gegenwart (Запис номер 49408)
[ съкратено ]
| 000 -Лидер | |
|---|---|
| Контролно поле с фиксирана дължина | 00912nam a2200301 c 4500 |
| 003 - Код на организацията, давaща контролен номер | |
| Контролно поле | BLK |
| 005 - Дата и час на последна редакция | |
| Контролно поле | 20240509154352.0 |
| 008 - Елементи от данни с фиксирана дължина | |
| fixed length control field | 180408b bul|||||r ||||||| ||bul|| |
| 010 ## - Наследен системен номер | |
| LC control number | KNG00053258000 |
| 020 ## - Международен стандартен номер на книга ISBN | |
| Международен стандартен номер на книга ISBN | 3-520-36905-2 |
| 040 ## - Източник на каталожния запис | |
| Идентификатор на билиотеката - собственик на записа | BLK |
| 041 ## - Код за език | |
| Код за езика на текст/звукозапис или на отделно заглавие | Немски |
| Код за езика КДБФ | Немски |
| 080 ## - УДК | |
| Текстов определител УДК | Литература на отделни езици и езикови семейства |
| УДК код - определител по УДК | 821 |
| УДК определител | -2(03) |
| УДК - код + определител | 821-2(03) |
| 139 ## - Редно поле | |
| Редна дума | KIENZLE, Siegfried |
| 245 10 - Сведения за заглавието | |
| Заглавие | Schauspielfuhrer der Gegenwart |
| Подзаглавни данни | 910 Stucke von 175 Autoren auf dem Theater seit 1945 |
| 250 ## - Област на изданието | |
| Сведения за изданието | 5. uberarb. Aufl |
| 260 ## - Област на издателските данни | |
| Име на издателя, разпространителя и проч. | Kroner |
| Година на издаване | 1990 |
| Място на издаване, разпространение и проч. | Stuttgart |
| 300 ## - Физическа характеристика | |
| Страници | VII, 661 c |
| Размери/Мащаб | 18 cm |
| 380 ## - Жанр | |
| Жанр | Литературознание |
| 490 ## - СЕРИИ (Колекции) | |
| Име на серия | Kroners Taschenausgabe |
| №: серия | Bd. 369 |
| 852 ## - Местоположение | |
| Форматна сигнатура | Цб І 28461 |
| 856 4# - Електронен адрес и достъп | |
| Електронен формат | pdf - файл |
| 856 4# - Електронен адрес и достъп | |
| Електронен формат | pdf - файл |
| 942 ## - АРТИКУЛИ | |
| Вид на библиотечния материал | Книги |
| Скрит в OPAC | Не |
| 944 ## - СЪЗДАВАНЕ И РЕДАКЦИЯ на ЗАПИСА | |
| Създаване/Редакция | Създаване |
| Дата на регистрацията/редакция | 01.01.1999 |
| Служител, извършил регистрацията/редакцията | 30556 |
| Статус, дата на статуса | Теодора Пейчева-Дянкова |
| 944 ## - СЪЗДАВАНЕ И РЕДАКЦИЯ на ЗАПИСА | |
| Създаване/Редакция | Редакция |
| Дата на регистрацията/редакция | 13.02.2017 |
| Служител, извършил регистрацията/редакцията | Лили_Борисова |
| 999 ## - СИСТЕМНИ КОНТРОЛНИ НОМЕРА | |
| Koha biblionumber | 49408 |
| Koha biblioitemnumber | 49408 |
| 999 ## - СИСТЕМНИ КОНТРОЛНИ НОМЕРА | |
| Koha biblioitemnumber | 49408 |
| Код за отписване | Код за изгубен артикул | Източник на класификационната схема | Код за повреда | Коз за рестрикции | Код за отдаване | Артикулен № | Име на библиотеката - собственик | Име на библиотеката, в която се намира в момента | Статус (Текущо местоположение) | Дата на вписване в системата | Местоположение - отдел | Цена в лева | Инвентарен номер | Систематично азбучна сигнатура | Баркод | Номер на екземпляра | Цена в евро | Служебна бележка | Служебен тип на артикула |
|---|---|---|---|---|---|---|---|---|---|---|---|---|---|---|---|---|---|---|---|
| Не е изгубен | Universal Decimal Classification | Не е повреден | само за читалня | ползва се в читалня | 77355 | Регионална библиотека "Любен Каравелов" Русе | Регионална библиотека "Любен Каравелов" Русе | Читалня 5 - справочен фонд | 2002-01-01 | Читалня 5 - справочен фонд | 20.00 | 120000905403 | C5 820/899-2/K 43 S | 120000905403 | 1 | 10.23 | Дост: Da Дата: 01.01.1990 | Книги |